| 000 | 00367 a2200133 4500 | ||
|---|---|---|---|
| 082 | _a346.5491 | ||
| 090 |
_c1082 _d1082 |
||
| 100 | _aNadeem Law book house | ||
| 245 |
_aPatents Ordinance,2000(Ord.No.LXI of 2000) _cNadeem Law book house |
||
| 260 |
_aLahore _bNadeem law book house _c2000 |
||
| 300 | _a57p | ||
| 500 | _aPaper cover | ||
| 942 |
_aNBS _cBK _k346.5491 PAT |
||
| 999 |
_c343614 _d343614 |
||